Normal view
MARC view
Entry Personal Name
001 - CONTROL NUMBER
- control field: 161419
003 - CONTROL NUMBER IDENTIFIER
- control field: OSt
005 - DATE AND TIME OF LATEST TRANSACTION
- control field: 20220923211739.0
008 - FIXED-LENGTH DATA ELEMENTS
- fixed length control field: 220923|| aca||aabn | a|a d
040 ## - CATALOGING SOURCE
- Original cataloging agency: OSt
- Transcribing agency: OSt
100 ## - HEADING--PERSONAL NAME
- Personal name: द्विवेदी, शिवबालक; शास्त्री, प्रकाशमित्र
670 ## - SOURCE DATA FOUND
- Source citation: Work cat.: (OSt)303128: द्विवेदी, शिवबालक; शास्त्री, प्रकाशमित्र, नैषधीयचरित का अभिनव समीक्षा एवं व्याख्यात्मक अध्ययन, 1981
